Encrucijadas (Registro nro. 8558)

Detalles MARC
000 -LEADER
fixed length control field 01506nas a2200325 454500
001 - CONTROL NUMBER
control field 23225
005 - DATE AND TIME OF LATEST TRANSACTION
control field 20260407193506.0
008 - FIXED-LENGTH DATA ELEMENTS--GENERAL INFORMATION
fixed length control field 260407s2000####ag###########|||spa#d
003 - CONTROL NUMBER IDENTIFIER
control field AR-UNSa-BCEJYS
040 ## - CATALOGING SOURCE
Original cataloging agency AR-UNSa-BCEJYS
Language of cataloging spa
Transcribing agency AR-UNSa-BCEJYS
080 ## - UNIVERSAL DECIMAL CLASSIFICATION NUMBER
Universal Decimal Classification number 378
Common auxiliary subdivision Enseñanza superior. Universidades. Escuelas especiales
022 ## - INTERNATIONAL STANDARD SERIAL NUMBER
International Standard Serial Number 1515-6435
100 1# - MAIN ENTRY--PERSONAL NAME
Personal name Shuberoff, Oscar Julio
245 10 - TITLE STATEMENT
Title Encrucijadas
Name of part/section of a work Revista de la Universidad de Buenos Aires
264 #1 - PRODUCTION, PUBLICATION, DISTRIBUTION, MANUFACTURE, AND COPYRIGHT NOTICE
Place of production, publication, distribution, manufacture Buenos Aires :
Name of producer, publisher, distributor, manufacturer Universidad de Buenos Aires
Date of production, publication, distribution, manufacture, or copyright notice 2000
310 ## - CURRENT PUBLICATION FREQUENCY
Current publication frequency Frecuencia: Bimestral
520 ## - SUMMARY, ETC.
Summary, etc. La revista Encrucijadas es producida por la Subsecretaría de Relaciones Institucionales y Comunicación y se edita con una periodicidad bimestral. Con una nueva diagramación y contenidos que desarrollan temas variados, la publicación de la Universidad de Buenos Aires transcurre un nuevo ciclo que aspira a profundizar la excelencia, el reconocimiento y la pluralidad de voces alcanzados.
505 ## - FORMATTED CONTENTS NOTE
Formatted contents note A partie del Nº 20 cambia de Director por Guillermo Jaim Etcheverry
590 ## - LOCAL NOTE (RLIN)
Local note niveau_biblio:s niveau_hierar:1
650 ## - SUBJECT ADDED ENTRY--TOPICAL TERM
Topical term or geographic name entry element Enseñanza superior
650 ## - SUBJECT ADDED ENTRY--TOPICAL TERM
Topical term or geographic name entry element Investigación y desarrollo
650 ## - SUBJECT ADDED ENTRY--TOPICAL TERM
Topical term or geographic name entry element Desempleo
650 ## - SUBJECT ADDED ENTRY--TOPICAL TERM
Topical term or geographic name entry element Empleo
650 ## - SUBJECT ADDED ENTRY--TOPICAL TERM
Topical term or geographic name entry element Datos estadísticos
650 ## - SUBJECT ADDED ENTRY--TOPICAL TERM
Topical term or geographic name entry element Política económica
650 ## - SUBJECT ADDED ENTRY--TOPICAL TERM
Topical term or geographic name entry element Medio ambiente
700 1# - ADDED ENTRY--PERSONAL NAME
Personal name Universidad de Buenos Aires
856 41 - ELECTRONIC LOCATION AND ACCESS
Uniform Resource Identifier <a href="https://biblioeco.unsa.edu.ar/pmb/images/revistas/Una Gran Herramienta.jpg">https://biblioeco.unsa.edu.ar/pmb/images/revistas/Una Gran Herramienta.jpg</a>
Link text Imagen de portada
Electronic format type image/jpeg
942 ## - ADDED ENTRY ELEMENTS (KOHA)
Koha item type
Existencias
Withdrawn status Lost status Damaged status Not for loan Home library Current library Shelving location Date acquired Serial enumeration / chronology Total checkouts Full call number Barcode Date last seen Price effective from Koha item type
        Biblioteca Prof. Eusebio Cleto del Rey Biblioteca Prof. Eusebio Cleto del Rey   01/02/2003 Año 3, Nº 21 - feb. 2003   H378 ENC 21 R11594 10/04/2026 10/04/2026 Numero
        Biblioteca Prof. Eusebio Cleto del Rey Biblioteca Prof. Eusebio Cleto del Rey   01/06/2002 Año 2, Nº 20 - jun. 2002   H378 ENC 20 R11135 10/04/2026 10/04/2026 Numero
        Biblioteca Prof. Eusebio Cleto del Rey Biblioteca Prof. Eusebio Cleto del Rey   01/03/2002 Año 2, Nº 17 - mar. 2002   H378 ENC 17 R11134 10/04/2026 10/04/2026 Numero
        Biblioteca Prof. Eusebio Cleto del Rey Biblioteca Prof. Eusebio Cleto del Rey   01/02/2002 Año 2, Nº 16 - feb. 2002   H378 ENC 16 R11133 10/04/2026 10/04/2026 Numero
        Biblioteca Prof. Eusebio Cleto del Rey Biblioteca Prof. Eusebio Cleto del Rey   01/01/2002 Año 2, Nº 15 - ene. 2002   H378 ENC 15 R11132 10/04/2026 10/04/2026 Numero
        Biblioteca Prof. Eusebio Cleto del Rey Biblioteca Prof. Eusebio Cleto del Rey   01/12/2001 Año 2, Nº 14 - dic. 2001   H378 ENC 14 R11131 10/04/2026 10/04/2026 Numero
        Biblioteca Prof. Eusebio Cleto del Rey Biblioteca Prof. Eusebio Cleto del Rey   01/11/2001 Año 2, Nº 13 - nov. 2001   H378 ENC 13 R11130 10/04/2026 10/04/2026 Numero
        Biblioteca Prof. Eusebio Cleto del Rey Biblioteca Prof. Eusebio Cleto del Rey   01/10/2001 Año 1, Nº 12 - oct. 2001   H378 ENC 12 R11129 10/04/2026 10/04/2026 Numero
        Biblioteca Prof. Eusebio Cleto del Rey Biblioteca Prof. Eusebio Cleto del Rey   01/09/2001 Año 1, Nº 11 - sep. 2001   H378 ENC 11 R11128 10/04/2026 10/04/2026 Numero
        Biblioteca Prof. Eusebio Cleto del Rey Biblioteca Prof. Eusebio Cleto del Rey   01/08/2001 Año 1, Nº 10 - ago. 2001   H378 ENC 10 R11127 10/04/2026 10/04/2026 Numero
        Biblioteca Prof. Eusebio Cleto del Rey Biblioteca Prof. Eusebio Cleto del Rey   01/07/2001 Año 1, Nº 9 - jul. 2001   H378 ENC 9 R11126 10/04/2026 10/04/2026 Numero
        Biblioteca Prof. Eusebio Cleto del Rey Biblioteca Prof. Eusebio Cleto del Rey   01/01/2001 Año 1, Nº 3 - ene. 2001   H378 ENC 3 R11125 10/04/2026 10/04/2026 Numero
        Biblioteca Prof. Eusebio Cleto del Rey Biblioteca Prof. Eusebio Cleto del Rey   01/12/2000 Año 1, Nº 2 - dic. 2000   H378 ENC 2 R11124 10/04/2026 10/04/2026 Numero
        Biblioteca Prof. Eusebio Cleto del Rey Biblioteca Prof. Eusebio Cleto del Rey   01/11/2000 Año 1, Nº 1 - nov. 2000   H378 ENC 1 R11123 10/04/2026 10/04/2026 Numero
        Biblioteca Prof. Eusebio Cleto del Rey Biblioteca Prof. Eusebio Cleto del Rey   01/11/1995 Año 1, Nº 3 - nov. 1995   H378 ENC 3.1995 R11286 10/04/2026 10/04/2026 Numero